Taylor Swift - Paroles London Boy - Statistiques

Statistiques générales
  • Ce quiz a été pris 89 fois
  • Le résultat moyen est 312 sur 431
Statistiques - réponses
Hint Réponse % Correct
Couplet 1 | Refrain I
98%
(I
98%
I,
98%
a
96%
London
96%
love
96%
you
96%
Outro | Refrain You
96%
you)
96%
(you)
96%
you,
96%
boy
95%
Boy,
95%
Boy
95%
know,
93%
know
93%
my
93%
the
89%
afternoon
88%
go
88%
in,
88%
in
88%
when
88%
enjoy
86%
He
84%
So
84%
American
82%
But
82%
Like
82%
Intro We
82%
we
82%
is
80%
is»
80%
me
80%
me,
80%
to
80%
be
77%
fancy
77%
likes
77%
smile
77%
where
77%
And
75%
and
75%
darling,
75%
heart
75%
«Home
75%
on
75%
can
71%
child
71%
English
71%
say
71%
Uh,
71%
with
71%
just
70%
Just
70%
not
70%
walking
70%
God,
68%
Oh,
68%
(oh)
68%
(oh),
68%
oh)
68%
oh
68%
that's
68%
Pré-refrain They
68%
are
66%
eyes
66%
meet,
66%
mine
66%
our
66%
scooter
64%
Tennessee
64%
his
63%
I'm
63%
all
61%
as
59%
blue
59%
friends
59%
jeans,
59%
lives
59%
much
59%
wanna
59%
Wanna
59%
(wanna
59%
your
59%
best
57%
of
57%
rumors
57%
true
57%
accent
55%
Camden
55%
heard
55%
him
55%
laughing
55%
mates
55%
guess
54%
something
54%
whiskey
54%
drivin'
52%
hometown
52%
saw
52%
school
52%
Street
52%
then
52%
time
52%
back
50%
don't
50%
happened,
50%
queen
50%
tea,
50%
Took
50%
watching
50%
West
50%
from
48%
have
48%
met
48%
rugby
48%
faded
46%
find
46%
good
46%
high
46%
Show
46%
show
46%
Stella
45%
up
45%
Babe,
43%
End
43%
first
43%
now
43%
threaten
43%
uni,
43%
(yeah)
43%
(yeah),
43%
Brixton,
41%
Market
41%
McCartney
41%
pub,
41%
sky,
41%
Springsteen,
41%
drinking
39%
Louis V
39%
SoHo,
39%
dimples
38%
gray
38%
Stick
38%
Doesn't
36%
nights
36%
SoCal
36%
please
32%
ah
30%
stories
30%
Bond
29%
Highgate,
29%
Motown,
29%
cab
25%
ride
25%
‘round
25%
Hackney
23%
Heath
23%
rainy
23%
I’d…
20%
Shoreditch
18%
Aucun quiz correspondant
Distribution des résultats
% des personnes avec chaque résultat
Percentile par nombre de réponses
Votre historique - résultats
Vous n’avez pas pris ce quiz